<?xml version="1.0" encoding="UTF-8"?>
<marc:record xmlns:marc="http://www.loc.gov/MARC21/slim">
   <marc:leader>00000nam a2200000 a 4500</marc:leader>
   <marc:datafield ind1="1" ind2=" " tag="100">
      <marc:subfield code="a">Hocke, Peter</marc:subfield>
      <marc:subfield code="4">edt</marc:subfield>
      <marc:subfield code="e">Bearbeiter/-in</marc:subfield>
   </marc:datafield>
   <marc:datafield ind1=" " ind2=" " tag="653">
      <marc:subfield code="a">Radioaktiver Abfall</marc:subfield>
   </marc:datafield>
   <marc:datafield ind1=" " ind2=" " tag="653">
      <marc:subfield code="a">Endlagerung</marc:subfield>
   </marc:datafield>
   <marc:datafield ind1=" " ind2=" " tag="653">
      <marc:subfield code="a">Softcover</marc:subfield>
   </marc:datafield>
   <marc:datafield ind1=" " ind2=" " tag="653">
      <marc:subfield code="a">Karte</marc:subfield>
   </marc:datafield>
   <marc:datafield ind1=" " ind2=" " tag="653">
      <marc:subfield code="a">Landwirtschaft / Umwelt</marc:subfield>
   </marc:datafield>
   <marc:datafield ind1="0" ind2="0" tag="245">
      <marc:subfield code="a">Wohin mit dem radioaktiven Abfall?</marc:subfield>
   </marc:datafield>
   <marc:datafield ind1="0" ind2="0" tag="245">
      <marc:subfield code="b">Perspektiven für eine sozialwissenschaftliche Endlagerforschung</marc:subfield>
   </marc:datafield>
   <marc:datafield ind1="0" ind2="0" tag="245">
      <marc:subfield code="c">Peter Hocke ; Armin Grunwald (Hg.)</marc:subfield>
   </marc:datafield>
   <marc:datafield ind1=" " ind2="1" tag="264">
      <marc:subfield code="a">Berlin</marc:subfield>
      <marc:subfield code="b">Ed. Sigma</marc:subfield>
      <marc:subfield code="c">2006</marc:subfield>
   </marc:datafield>
   <marc:datafield ind1="1" ind2=" " tag="490">
      <marc:subfield code="a">Gesellschaft, Technik, Umwelt</marc:subfield>
      <marc:subfield code="v">N.F. 8</marc:subfield>
   </marc:datafield>
   <marc:datafield ind1="1" ind2=" " tag="520">
      <marc:subfield code="a">Angaben aus der Verlagsmeldung

Wohin mit dem radioaktiven Abfall? : Perspektiven für eine sozialwissenschaftliche Endlagerforschung

Der endgültige Verbleib hoch radioaktiver Abfälle ist nach wie vor ungeklärt. Weltweit ist bislang kein Endlager in Betrieb. Die Gründe hierfür liegen weniger im naturwissenschaftlich-technischen Bereich, sondern in der verbreiteten gesellschaftlichen Ablehnung: "Atommüll" ist nach wie vor ein Reizwort, und die Endlagerung gehört immer noch zu den großen Technikkonflikten. Diese Situation legt die Frage nahe, ob und wie die Sozialwissenschaften zur Lösung dieses Problems beitragen können – indem sie zu einem besseren Verständnis der zugrundeliegenden Streitpunkte und Konfliktmuster verhelfen, aber auch und vor allem indem sie neue Verfahren der Konfliktbearbeitung anregen. Stichworte sind hier deliberative Demokratie, Partizipation und zivilgesellschaftliche Beteiligungsverfahren. Vor diesem Hintergrund verfolgt dieses Buch drei Ziele: Es analysiert die Konfliktsituation in historischer und systematischer Hinsicht; es diskutiert neue Entscheidungs- und Beteiligungsverfahren; und es formuliert eine sozialwissenschaftliche Forschungsperspektive zur Endlagerung. Der Band richtet sich damit gleichermaßen an politische Entscheidungsträger, Vertreter aus Industrie und Wirtschaft, Wissenschaftler und zivilgesellschaftliche Akteure.
</marc:subfield>
   </marc:datafield>
   <marc:datafield ind1=" " ind2=" " tag="020">
      <marc:subfield code="a">9783894049386</marc:subfield>
      <marc:subfield code="9">9783894049386</marc:subfield>
   </marc:datafield>
   <marc:datafield ind1=" " ind2=" " tag="020">
      <marc:subfield code="a">3894049383</marc:subfield>
      <marc:subfield code="9">3894049383</marc:subfield>
   </marc:datafield>
   <marc:datafield ind1=" " ind2=" " tag="041">
      <marc:subfield code="a">ger</marc:subfield>
   </marc:datafield>
   <marc:datafield ind1=" " ind2=" " tag="300">
      <marc:subfield code="a">257 S.</marc:subfield>
   </marc:datafield>
</marc:record>
